Southville International School and Colleges
Your cart is empty.
  • Cart
  • Lists
    Public lists Eva Luna New books Lux_list list_1
    Your lists Log in to create your own lists
  • Log in to your account
  • Your cookies
  • Search history
Southville International School and Colleges
  • Advanced search
  • Recent comments
  • Most popular
  • Libraries

Log in to your account

Log in with GOOGLE


If you do not have an external account, but do have a local account, you can still log in:

  1. Home
  2. MARC view: Nursing practice in the community /
Normal view MARC view ISBD view

Nursing practice in the community / (Record no. 13888)

[ view plain ]
MARC details
000 -LEADER
fixed length control field 00585nam a22001937a 4500
003 - CONTROL NUMBER IDENTIFIER
control field PILC
005 - DATE AND TIME OF LATEST TRANSACTION
control field 20151008122724.0
008 - FIXED-LENGTH DATA ELEMENTS--GENERAL INFORMATION
fixed length control field 130221t xxu||||| |||| 00| 0 eng d
020 ## - INTERNATIONAL STANDARD BOOK NUMBER
International Standard Book Number 9719192437
050 ## - LIBRARY OF CONGRESS CALL NUMBER
Classification number RT 41
Item number .N974 2004
245 ## - TITLE STATEMENT
Title Nursing practice in the community /
Statement of responsibility, etc edited by; Araceli S. Maglaya
250 ## - EDITION STATEMENT
Edition statement 4th edition.
260 ## - PUBLICATION, DISTRIBUTION, ETC. (IMPRINT)
Place of publication, distribution, etc Marikina City :
Name of publisher, distributor, etc Argonauta Corp.,
Date of publication, distribution, etc 2004.
300 ## - PHYSICAL DESCRIPTION
Extent 450 pages :
Dimensions 25 cm.
Other physical details illustrations ;
500 ## - GENERAL NOTE
General note Includes bibliographical references and appendix.
650 ## - SUBJECT ADDED ENTRY--TOPICAL TERM
Topical term or geographic name as entry element Nursing.
942 ## - ADDED ENTRY ELEMENTS (KOHA)
Source of classification or shelving scheme Library of Congress Classification
Koha item type Books
Call number prefix Local
Holdings
Withdrawn status Lost status Source of classification or shelving scheme Damaged status Home library Current library Shelving location Date acquired Total Checkouts Total Renewals Full call number Barcode Date last seen Date checked out Copy number Price effective from Koha item type Source of acquisition Sub Shelving location
    Library of Congress Classification   Archives Archives   08/25/2015 6 17 RT 41 .N974 2004 C19768 05/15/2018 10/02/2017   08/25/2015 Books Donation  
    Library of Congress Classification   College Library College Library General Circulation Section 10/08/2015 4 7 RT 41 .N974 2004 C20148 10/22/2019 10/14/2019   10/08/2015 Books Donation  
    Library of Congress Classification   South SEED-LPDH College Library South SEED-LPDH College Library South SEED-LPDH College Section 08/08/2013 5 53 RT 41 .N974 2004 SSLC0352 08/19/2019 08/06/2019 1 08/08/2013 Books    

Nursing practice in the community /

APA

(2004). Nursing practice in the community. Marikina City: Argonauta Corp.

Chicago

2004. Nursing practice in the community. Marikina City: Argonauta Corp.

Harvard

(2004). Nursing practice in the community. Marikina City: Argonauta Corp.

MLA

Nursing practice in the community. Marikina City: Argonauta Corp. 2004.

  • Place hold
  • Print
  • Cite
  • Add to your cart (remove)
  • Save record
    BIBTEX Dublin Core MARCXML MARC (non-Unicode/MARC-8) MARC (Unicode/UTF-8) MARC (Unicode/UTF-8, Standard) MODS (XML) RIS
  • More searches
    Search for this title in:
    Other Libraries (WorldCat) Other Databases (Google Scholar) Online Stores (Bookfinder.com) Open Library (openlibrary.org)

Exporting to Dublin Core...

SOUTHVILLE LIBRARY

Southville International School and Colleges Library

1281 Tropical Ave. Cor. Luxembourg St., BF Homes International, Las Pinas City

Tel. No. 8256374 / 252358 Loc. 117/146

Powered by Koha